Feminist frameworks : Alternative theoretical accounts of the relations between women and men /

Na minha lista:
Detalhes bibliográficos
Main Authors: Jaggar, Alison M (Author), Rothenberg, Paula S (Author)
Formato: Livro
Idioma:inglês
Publicado em: New York : McGraw-Hill, 1984
Edição:2.ed.
Assuntos:
Tags: Adicionar Tag
Sem tags, seja o primeiro a adicionar uma tag!

MARC

LEADER 00000nam a22000003a 4500
001 stu6231
005 20150617225808.1
008 940624s1984----xxu-----------------eng-d
020 |a 0-07-032251-1 
040 |a STU  |b slo 
041 0 |a eng 
044 |a xxu 
080 |a 316.423.6 
080 |a 396 
100 1 |a Jaggar, Alison M  |4 aut 
245 1 |a Feminist frameworks :  |b Alternative theoretical accounts of the relations between women and men /  |c [aut.] Jaggar,Alison M.; Rothenberg,Paula S 
250 |a 2.ed. 
260 |a New York :  |b McGraw-Hill,  |c 1984 
300 |a 446 s 
650 7 |a emancipácia  |2 stusub 
650 7 |a feminizmus  |2 stusub 
650 7 |a ženské hnutia  |2 stusub 
700 1 |a Rothenberg, Paula S  |4 aut 
996 |b E79035  |c R*79035  |l RRUM  |s A  |a 24  |w stu6231_0001